The Comparative methods in evolutionary biology. / (Record no. 2823)
[ view plain ]
| 000 -LEADER | |
|---|---|
| fixed length control field | 00648cam a22002172 4500 |
| 001 - CONTROL NUMBER | |
| control field | 0000004619 |
| 005 - DATE AND TIME OF LATEST TRANSACTION | |
| control field | 20151217145818.0 |
| 008 - FIXED-LENGTH DATA ELEMENTS--GENERAL INFORMATION | |
| fixed length control field | 070525s xx 000 0 eng d |
| 020 ## - INTERNATIONAL STANDARD BOOK NUMBER | |
| International Standard Book Number | 0198546408 : |
| Terms of availability | KES 4,208 |
| 040 ## - CATALOGING SOURCE | |
| Original cataloging agency | KABU |
| Transcribing agency | KABU |
| 050 #0 - LIBRARY OF CONGRESS CALL NUMBER | |
| Classification number | QH366.2 |
| Item number | .H37 |
| 100 1# - MAIN ENTRY--PERSONAL NAME | |
| Personal name | Harvey, Paul H. |
| -- | 0000155266 |
| 245 14 - TITLE STATEMENT | |
| Title | The Comparative methods in evolutionary biology. / |
| Statement of responsibility, etc. | Paul H. Harvey, Mark D. Pagel. |
| 260 ## - PUBLICATION, DISTRIBUTION, ETC. (IMPRINT) | |
| Place of publication, distribution, etc. | Oxford : |
| Name of publisher, distributor, etc. | OUP, |
| Date of publication, distribution, etc. | 1991. |
| 300 ## - PHYSICAL DESCRIPTION | |
| Extent | viii, 239 p. |
| 650 #0 - SUBJECT ADDED ENTRY--TOPICAL TERM | |
| Topical term or geographic name as entry element | Evolution. |
| -- | 0000155261 |
| 700 1# - ADDED ENTRY--PERSONAL NAME | |
| Personal name | Pagel, Mark D. |
| -- | 0000155267 |
| 908 ## - PUT COMMAND PARAMETER (RLIN) | |
| Put command parameter | 070525 |
| 950 ## - LOCAL HOLDINGS (RLIN) | |
| -- | 1 |
| Withdrawn status | Lost status | Source of classification or shelving scheme | Not for loan | Home library | Current library | Date acquired | Total Checkouts | Full call number | Barcode | Date last seen | Price effective from | Koha item type |
|---|---|---|---|---|---|---|---|---|---|---|---|---|
| Library of Congress Classification | Kabarak, Main Campus | Kabarak, Main Campus | 17/12/2015 | QH366.2 .H37 | 007398 | 17/12/2015 | 17/12/2015 | General Collection |